000 05493nam a2200901 c 4500
003 BLK
005 20180422113814.0
008 180410b bul|||||r ||||||| ||bul||
010 _aKNG00169133000
040 _aBLK
041 _aBUL
_cBUL
080 _aФорми на предприятията в зависимост от отношението към собствеността...
_b334.72
_x(497.2)(035)
_z334.72(497.2)(035)
700 1 _aИлиев, Анастас
_eсъстав.
_9370100
700 1 _aПъчев, Пламен
_eсъстав.
_9381755
700 1 _aИлиев, Анастас
_eавт. на том
_9370100
700 1 _aСтоянов, Борис Стоянов
_e*
_9364241
700 1 _aДимчева, Вяра
_e*
_9335340
700 1 _aЗафиров, Димитър
_e*
_9381756
700 1 _aГригорова, Елена
_e*
_9381757
700 1 _aМихайлов, Иван
_e*
_gНиколов, Иван Михайлов
_9364379
700 1 _aЧавдаров, Иван
_e*
_9335341
700 1 _aТорков, Илия
_e*
_9130650
700 1 _aАнгелова, Мариана
_e*
_9335342
700 1 _aИгнева, Мая
_e*
_972044
700 1 _aДаскалова, Надежда
_e*
_9371224
700 1 _aЖивкова, Наташа
_e*
_9335343
700 1 _aЦенева, Наташа
_e*
_9335344
700 1 _aБузин, Николай
_e*
_9369842
700 1 _aРобев, Николай
_e*
_9335345
700 1 _aПетков, Петко
_e*
_9363350
700 1 _aСтойчева, Росица
_e*
_9381758
700 1 _aЧинарски, Румен
_e*
_9141806
700 1 _aНеделчев, Симеон
_e*
_9335346
700 1 _aВиткова, Яна
_e*
_9335347
700 1 _aСтайков, Захари
_e*
_9381759
700 1 _aМончев, Найден Моев
_e*
_9378140
700 1 _aВълчев, Александър
_e*
_9369551
700 1 _aПетков, А.
_e*
_9335348
700 1 _aАтанасов, Атанас
_e*
_9363418
700 1 _aБенев, Бенко Стоянов
_e*
_9378195
700 1 _aНемски, Бони
_e*
_9335349
700 1 _aКараджинов, Валери
_e*
_9381760
700 1 _aСтоянов, Георги
_e*
_9363499
700 1 _aГочев, Гочо
_e*
_9371221
700 1 _aДенев, Д.
_e*
_9381761
700 1 _aМатвеева, Елисавета
_e*
_9335350
700 1 _aДинев, Иван
_e*
_9381762
700 1 _aНиколаев, Иван
_e*
_9381763
700 1 _aВладов, Костадин
_e*
_9335351
700 1 _aЛичев, Личо
_e*
_9335352
700 1 _aМаринов, Марин
_e*
_9365750
700 1 _aСтефанов, Михаил
_e*
_9381764
700 1 _aЦонев, Младен Гутев
_e*
_9372603
700 1 _aДомозетов, Христо
_e*
_9381765
700 1 _aРуменин, Чавдар
_e*
_9335353
700 1 _aРусев, Чавдар
_e*
_9335354
139 _aБългария - 8 000 фирми, организации, институти
_bБ 92
245 1 0 _aБългария - 8 000 фирми, организации, институти
_bСправ. : Кн. 1 - 3
_cсъстав. Анастас Илиев; състав. Пламен Пъчев; авт. на том Анастас Илиев; * Борис Стоянов Стоянов; * Вяра Димчева; * Димитър Зафиров; * Елена Григорова; * Иван Михайлов; * Иван Чавдаров; * Илия Торков; * Мариана Ангелова; * Мая Игнева; * Надежда Даскалова; * Наташа Живкова; * Наташа Ценева; * Николай Бузин; * Николай Робев; * Петко Петков; * Росица Стойчева; * Румен Чинарски; * Симеон Неделчев; * Яна Виткова; * Захари Стайков; * Найден Моев Мончев; * Александър Вълчев; * А. Петков; * Атанас Атанасов; * Бенко Стоянов Бенев; * Бони Немски; * Валери Караджинов; * Георги Стоянов; * Гочо Гочев; * Д. Денев; * Елисавета Матвеева; * Иван Динев; * Иван Николаев; * Костадин Владов; * Личо Личев; * Марин Маринов; * Михаил Стефанов; * Младен Гутев Цонев; * Христо Домозетов; * Чавдар Руменин; * Чавдар Русев.
_nКн. 1.
257 _aBGR
260 София
_bИнтер идея
_c1991-1992
300 _c23 см
380 _a3
490 1 _aКой какъв е в българския бизнес?
500 _a7 200 тир.
650 4 _aФирми - България - справочници
_9259415
651 4 _aБългария
_9241624
653 _aфирми
653 _aорганизации
653 _aинститути
653 _aБългария
653 _aсправочници
760 1 _d1991
_h918 с. раздр. паг. : с ил.
_nДруги авт.: Б. Стоянов, В. Димчева, Д. Зафиров, Е. Григорова, Ив. Михайлов, Ив. Чавдаров, И. Торков, М. Ангелова, М. Игнева, Н. Даскалова, Н. Живкова, Н. Ценева, Н. Бузин, Н. Робев, П. Петков, Р. Стойчева, Р. Чинарски, С. Неделчев, Я. Виткова, отбелязани на гърба на загл. с.
_tКн. 1.
852 _aЦб 167469
856 4 _qpdf
_u
856 4 _qpdf
_u
942 _cKNG
_n0
944 _aCR
_c23.12.2014
_l23.12.2014 - от С1,Р / 23.12.2014
_kПравда_Бадева
944 _aED
_c23.12.2014
_l23.12.2014 - от С1,Р / 23.12.2014
_k
999 _c161774
_d161774